Potential of trispecies bridge corsses and random amplified polymorphic DNA markers for introgression of Midicago daghestanica and M. pironae germplasm into alfalfa(M. sativa) (Record no. 65394)

MARC details
000 -LEADER
fixed length control field 00521nam a2200157Ia 4500
100 ## - MAIN ENTRY--AUTHOR NAME
Personal name McCoy T J
245 #0 - TITLE STATEMENT
Title Potential of trispecies bridge corsses and random amplified polymorphic DNA markers for introgression of Midicago daghestanica and M. pironae germplasm into alfalfa(M. sativa)
260 ## - PUBLICATION, DISTRIBUTION, ETC. (IMPRINT)
Name of publisher Genome
Year of publication 1993
300 ## - PHYSICAL DESCRIPTION
Number of Pages 594-601
650 ## - SUBJECT ADDED ENTRY--TOPICAL TERM
Topical Term Embryo rescue
650 ## - SUBJECT ADDED ENTRY--TOPICAL TERM
Topical Term Medicago interspecific hybrids
650 ## - SUBJECT ADDED ENTRY--TOPICAL TERM
Topical Term RAPD
700 ## - ADDED ENTRY--PERSONAL NAME
Personal name Echt C S
942 ## - ADDED ENTRY ELEMENTS (KOHA)
Koha item type Journals
Holdings
Withdrawn status Lost status Damaged status Not for loan Home library Current library Shelving location Date acquired Serial Enumeration / chronology Koha item type
      Journals RRII Library RRII Library RFLP 17/12/2021 Volume 36, Issue 3 Journals